Words Ending in 'ID' (A-Z) Quiz Stats

 Plays Quiz Updated Jan 14, 2019

Support Sporcle.
Go Orange.
Score 0/24 Timer 04:00
3 Plays Today
Hint Answer % Correct
The movable piece of skin that covers and uncovers the eyeballeyelid
94.6%
Hair woven into a plaitbraid
92.7%
Young goatkid
92.2%
Having an unusual interest in death or unpleasant eventsmorbid
88.5%
Of definite shape and volume; not liquid or gaseoussolid
84.1%
Moderately warm; lukewarmtepid
82.3%
A substance with particular chemical properties including turning litmus redacid
82.2%
Moving, acting, or occurring with great speedrapid
82%
A framework of crisscrossed or parallel barsgrid
81.7%
Showing ability to think clearlylucid
78.3%
Calm, sereneplacid
74.8%
British slang for a pound in money termsquid
73.3%
Hint Answer % Correct
A member of an order of priests in ancient Gaul and Britaindruid
71.1%
Artery in the neckcarotid
67.3%
An empty space or vacuumvoid
66%
Shaped like an eggovoid
59.4%
Set into a surface in a decorative patterninlaid
48.1%
A primate of the family which includes orangutans, gorillas, chimpanzees, and humanshominid
38.9%
A young person who is very intelligent or successfulwhizzkid
38.4%
A woman employed to care for young childrennursemaid
36.4%
Intensely enthusiastic or passionatefervid
35.5%
Feeling, exhibiting, or expressing no fearunafraid
31.2%
The offspring of a zebra and another equinezebroid
22.6%
Resembling woodxyloid
14.6%

You're not logged in!

Compare scores with friends on all Sporcle quizzes.
OR
Log In

From the Vault

African Countries Mix-Up

by JeluPotter25

We accidentally put the map in a blender and everything got mixed up.
Remove Ads.
Support Sporcle.
Get the best of Sporcle when you Go Orange. This ad-free experience offers more features, more stats, and more fun while also helping to support Sporcle. Thank you for becoming a member.

Show Comments

Extras

Top Quizzes Today


Score Distribution

Your Account Isn't Verified!

In order to create a playlist on Sporcle, you need to verify the email address you used during registration. Go to your Sporcle Settings to finish the process.

Report this User

Report this user for behavior that violates our Community Guidelines.

Details: